|
|
|
|
| LEADER |
00000nam0a2200000 4500 |
| 001 |
376250 |
| 005 |
20250130163412.0 |
| 035 |
|
|
|a (RuTPU)RU\TPU\retro\33690
|
| 090 |
|
|
|a 376250
|
| 100 |
|
|
|a 20221222d1979 k y0rusy50 ca
|
| 101 |
0 |
|
|a rus
|
| 102 |
|
|
|a RU
|
| 105 |
|
|
|a y z 000zy
|
| 200 |
1 |
|
|a Восточнославянская ономастика: исследования и материалы
|e сборник научных статей
|f Академия наук СССР, Институт языкознания ; Польская академия наук, Комитет славистов ; отв. ред. А. В. Суперанская
|
| 210 |
|
|
|a Москва
|c Наука
|d 1979
|
| 215 |
|
|
|a 351 с.
|
| 606 |
1 |
|
|a Ономастика
|2 stltpush
|3 (RuTPU)RU\TPU\subj\47008
|9 66077
|
| 610 |
1 |
|
|a восточнославянская ономастика
|
| 610 |
1 |
|
|a теоретические вопросы
|
| 610 |
1 |
|
|a прозвища
|
| 610 |
1 |
|
|a микротопонимы
|
| 610 |
1 |
|
|a лингвистический статус
|
| 610 |
1 |
|
|a иноязычные названия
|
| 610 |
1 |
|
|a топонимия
|
| 610 |
1 |
|
|a антропонимия
|
| 686 |
|
|
|a Ш103
|2 rubbk
|
| 702 |
|
1 |
|a Суперанская
|b А. В.
|4 340
|
| 712 |
0 |
2 |
|a Академия наук СССР
|b Институт языкознания
|c (Москва)
|3 (RuTPU)RU\TPU\col\11714
|9 25241
|
| 712 |
0 |
2 |
|a Польская академия наук
|c (Варшава)
|b Комитет славистов
|9 23449
|
| 801 |
|
1 |
|a RU
|b 63413507
|c 20221222
|
| 942 |
|
|
|c BK
|